[Event "Campeonato de Australia 2007-2008"]
[Site "Parramatta AUS"]
[Date "2008.01.10"]
[Round "10.13"]
[White "Booth, Stewart"]
[Black "Morris, Michael"]
[Result "1-0"]
[WhiteElo "2142"]
[BlackElo "1985"]
[PlyCount "115"]
[EventDate "2008.01.02"]
[EventType "swiss"]
[EventRounds "11"]
[EventCountry "AUS"]
[Source "lmi"]
[SourceDate "2008.01.02"]

1. d4 Nf6 2. c4 e6 3. Nf3 c5 4. Nc3 cxd4 5. Nxd4 Bb4 6. Qb3 Qb6 7. Nc2 Bc5 8.
Qxb6 Bxb6 9. Bf4 d5 10. cxd5 Nxd5 11. Nxd5 exd5 12. g3 Nc6 13. Bg2 Be6 14. O-O
Rd8 15. Rfd1 Rd7 16. b4 O-O 17. b5 Na5 18. Nd4 Rc8 19. Nxe6 fxe6 20. Rac1 Rc5
21. Rxc5 Bxc5 22. e4 d4 23. Bf1 Kf7 24. Bd3 b6 25. Bc1 Bb4 26. Kf1 Nb7 27. Ke2
Nc5 28. e5 Rd5 29. f4 Na4 30. Bd2 Bxd2 31. Kxd2 Nc3 32. Rc1 Rc5 33. Rc2 Na4 34.
Bc4 Nc3 35. Kd3 Ke7 36. Rb2 Nd1 37. Rb4 Ne3 38. Ra4 Rc7 39. Kxd4 Nf5+ 40. Ke4
h5 41. Be2 g6 42. g4 hxg4 43. Bxg4 Nh6 44. Be2 Nf5 45. Ra3 Rd7 46. Rd3 Rc7 47.
Ra3 Rd7 48. Bd3 Kf7 49. Kf3 Ne7 50. Be4 Rc7 51. Bc6 Nxc6 52. bxc6 Rxc6 53.
Rxa7+ Kg8 54. Kg4 Rc2 55. Kg5 Rxh2 56. Kxg6 Rg2+ 57. Kf6 Rf2 58. Ra4 1-0

[Event "Campeonato de Australia 2007-2008"]
[Site "Parramatta AUS"]
[Date "2008.01.10"]
[Round "10.14"]
[White "Pecori, Ascaro"]
[Black "Hu, Jason"]
[Result "1/2-1/2"]
[WhiteElo "2129"]
[BlackElo "2120"]
[PlyCount "79"]
[EventDate "2008.01.02"]
[EventType "swiss"]
[EventRounds "11"]
[EventCountry "AUS"]
[Source "lmi"]
[SourceDate "2008.01.02"]

1. d4 d5 2. Nf3 Nf6 3. Bf4 Bf5 4. e3 e6 5. c4 Bxb1 6. Rxb1 Bb4+ 7. Ke2 Bd6 8.
Bg5 dxc4 9. Qa4+ Nbd7 10. Qxc4 O-O 11. g3 h6 12. Bxf6 Qxf6 13. Bg2 c6 14. Rhd1
Rad8 15. Kf1 e5 16. dxe5 Nxe5 17. Nxe5 Bxe5 18. b3 Bc7 19. Be4 h5 20. Bc2 g6
21. Kg2 b5 22. Qe4 Rde8 23. Qf3 Qe6 24. h4 Rd8 25. Be4 c5 26. Bc6 b4 27. Bd5
Qe7 28. Rbc1 Kg7 29. Rc4 Rd6 30. Rcc1 Rfd8 31. Bc4 Rf6 32. Qe2 Qe4+ 33. f3 Qe5
34. f4 Qe7 35. Rxd8 Qxd8 36. Rd1 Qe7 37. Qf3 Rd6 38. Rxd6 Qxd6 39. Qd5 Qxd5+
40. Bxd5 1/2-1/2

[Event "Campeonato de Australia 2007-2008"]
[Site "Parramatta AUS"]
[Date "2008.01.10"]
[Round "10.15"]
[White "Bird, Andrew"]
[Black "Pyke, Malcolm"]
[Result "1-0"]
[WhiteElo "2148"]
[BlackElo "2191"]
[PlyCount "67"]
[EventDate "2008.01.02"]
[EventType "swiss"]
[EventRounds "11"]
[EventCountry "AUS"]
[Source "lmi"]
[SourceDate "2008.01.02"]

1. d4 Nf6 2. Nf3 g6 3. c4 Bg7 4. Nc3 d5 5. Bg5 Ne4 6. Bh4 Nxc3 7. bxc3 c6 8. e3
Bg4 9. Qb3 Bc8 10. Qa3 f6 11. cxd5 cxd5 12. c4 Be6 13. Rb1 Qd7 14. Qb3 Nc6 15.
c5 O-O 16. Be2 Bf5 17. Rb2 Rab8 18. O-O b6 19. Qa4 bxc5 20. Bb5 Qd6 21. Bg3 e5
22. Rd2 Nb4 23. a3 a6 24. Be2 Qc6 25. Qd1 Nd3 26. Bxd3 e4 27. Nh4 Be6 28. Bxb8
Rxb8 29. Bxe4 c4 30. Bb1 c3 31. Rc2 g5 32. Nf3 Bf8 33. Qd3 Qc4 34. Rxc3 1-0

[Event "Campeonato de Australia 2007-2008"]
[Site "Parramatta AUS"]
[Date "2008.01.10"]
[Round "10.16"]
[White "Charles, Gareth"]
[Black "Capilitan, Romeo"]
[Result "1-0"]
[WhiteElo "2180"]
[BlackElo "2134"]
[PlyCount "80"]
[EventDate "2008.01.02"]
[EventType "swiss"]
[EventRounds "11"]
[EventCountry "AUS"]
[Source "lmi"]
[SourceDate "2008.01.02"]

1. d4 Nf6 2. Nf3 e6 3. c4 b6 4. g3 Bb7 5. Bg2 Bb4+ 6. Bd2 Bxd2+ 7. Qxd2 d6 8.
Qc2 Nbd7 9. Nc3 O-O 10. e4 e5 11. d5 a5 12. O-O Nc5 13. b3 Bc8 14. Rfc1 Bg4 15.
Ne1 Qd7 16. a3 Bh3 17. b4 Nb7 18. Rab1 h6 19. f4 axb4 20. axb4 Bxg2 21. Qxg2
Ra6 22. fxe5 dxe5 23. Nb5 Qe7 24. Nd3 Nd6 25. Nxd6 cxd6 26. c5 bxc5 27. bxc5
Ra3 28. Qe2 Qa7 29. Kh1 Qa6 30. c6 Ne8 31. Rd1 Nc7 32. Qd2 f5 33. exf5 Rxf5 34.
Nf2 Ra2 35. Rb2 Rxb2 36. Qxb2 Nxd5 37. Qb3 Qxc6 38. Ne4 Kf8 39. Qxd5 Qxd5 40.
Rxd5 Ke7 1-0

[Event "Campeonato de Australia 2007-2008"]
[Site "Parramatta AUS"]
[Date "2008.01.10"]
[Round "10.17"]
[White "Suttor, Vincent"]
[Black "Morris, James"]
[Result "1-0"]
[WhiteElo "2139"]
[BlackElo "2096"]
[PlyCount "45"]
[EventDate "2008.01.02"]
[EventType "swiss"]
[EventRounds "11"]
[EventCountry "AUS"]
[Source "lmi"]
[SourceDate "2008.01.02"]

1. d4 Nf6 2. c4 e6 3. Nc3 c5 4. d5 exd5 5. cxd5 d6 6. e4 g6 7. f3 Bg7 8. Be3
O-O 9. Qd2 Na6 10. Nge2 Nc7 11. Ng3 Re8 12. Be2 h5 13. O-O Rb8 14. a4 Bd7 15.
Bf4 Qe7 16. e5 dxe5 17. d6 Qd8 18. dxc7 Qxc7 19. Bg5 Bc6 20. Bc4 Rbd8 21. Qc2
Rd4 22. Nce2 Rd7 23. Qxg6 1-0

[Event "Campeonato de Australia 2007-2008"]
[Site "Parramatta AUS"]
[Date "2008.01.10"]
[Round "10.18"]
[White "Stojic, Dusan"]
[Black "Wei, Michael"]
[Result "1/2-1/2"]
[WhiteElo "2155"]
[BlackElo "2139"]
[PlyCount "150"]
[EventDate "2008.01.02"]
[EventType "swiss"]
[EventRounds "11"]
[EventCountry "AUS"]
[Source "lmi"]
[SourceDate "2008.01.02"]

1. e4 c5 2. Nf3 Nc6 3. d4 cxd4 4. Nxd4 Nf6 5. Nc3 e5 6. Ndb5 d6 7. Bg5 a6 8.
Na3 b5 9. Nd5 Be7 10. Bxf6 Bxf6 11. c3 Bg5 12. Nc2 O-O 13. a4 bxa4 14. Rxa4 a5
15. Bc4 Bd7 16. Ra2 Ne7 17. h4 Bh6 18. Nce3 Bxe3 19. Nxe3 Bc6 20. Qd3 Kh8 21.
O-O f5 22. exf5 e4 23. Qd4 Nxf5 24. Nxf5 Rxf5 25. g3 Qe7 26. b4 Re5 27. Re1 a4
28. Rd2 d5 29. Ba2 Re8 30. Qe3 Qb7 31. Red1 h6 32. Rb1 Qb5 33. Rd4 Rf5 34. c4
dxc4 35. Bxc4 Qb8 36. Be2 Bb5 37. Bxb5 Rxb5 38. Rxe4 Rxe4 39. Qxe4 a3 40. Qc4
Qb7 41. Re1 Qd7 42. Qb3 a2 43. Qxa2 Rxb4 44. Qa8+ Kh7 45. Qf8 Rb7 46. Re8 Qd5
47. Re1 Rf7 48. Qe8 Qf5 49. Qe3 Rf8 50. Qd4 Rf7 51. Re5 Qb1+ 52. Kg2 Qb7+ 53.
Kh2 Qf3 54. Kg1 Rb7 55. Re1 Rf7 56. Qe4+ Qxe4 57. Rxe4 h5 58. Kf1 g6 59. Ke2
Kg7 60. Ke3 Ra7 61. Re5 Ra4 62. Re7+ Kf6 63. Re4 Ra3+ 64. Kf4 Ra5 65. f3 Rf5+
66. Ke3 Ra5 67. Re8 Ra3+ 68. Kf4 Ra4+ 69. Re4 Ra5 70. Rc4 Rf5+ 71. Ke4 Re5+ 72.
Kd3 Re1 73. g4 hxg4 74. Rxg4 Kf5 75. Re4 Rf1 1/2-1/2

[Event "Campeonato de Australia 2007-2008"]
[Site "Parramatta AUS"]
[Date "2008.01.11"]
[Round "11.1"]
[White "Xie, George"]
[Black "Van Riemsdijk, Herman Claudius"]
[Result "1-0"]
[WhiteElo "2413"]
[BlackElo "2391"]
[PlyCount "55"]
[EventDate "2008.01.02"]
[EventType "swiss"]
[EventRounds "11"]
[EventCountry "AUS"]
[Source "lmi"]
[SourceDate "2008.01.02"]

1. e4 e5 2. Nf3 Nc6 3. d4 exd4 4. Nxd4 Bc5 5. Be3 Qf6 6. c3 Nge7 7. g3 Bxd4 8.
cxd4 d5 9. Bg2 O-O 10. exd5 Nb4 11. Qb3 Qd6 12. Bf4 Qb6 13. O-O Bf5 14. Bxc7
Qxd4 15. Na3 Na6 16. Bd6 Qf6 17. Nc4 Rad8 18. Qa3 Rfe8 19. Be5 Qg6 20. Nd6 Nc6
21. dxc6 Rxe5 22. Nxb7 Rde8 23. Qxa6 Bd3 24. Qxa7 Bxf1 25. Rxf1 h5 26. c7 Qe6
27. Nd8 Qc4 28. Qb8 1-0

[Event "Campeonato de Australia 2007-2008"]
[Site "Parramatta AUS"]
[Date "2008.01.11"]
[Round "11.2"]
[White "Goldenberg, Igor"]
[Black "Antic, Dejan"]
[Result "0-1"]
[WhiteElo "2395"]
[BlackElo "2480"]
[PlyCount "104"]
[EventDate "2008.01.02"]
[EventType "swiss"]
[EventRounds "11"]
[EventCountry "AUS"]
[Source "lmi"]
[SourceDate "2008.01.02"]

1. d4 Nf6 2. Nf3 e6 3. c4 b6 4. g3 Ba6 5. b3 Bb4+ 6. Bd2 Be7 7. Bg2 c6 8. Bc3
d5 9. Ne5 Nfd7 10. Nxd7 Nxd7 11. Nd2 O-O 12. e4 Rb8 13. O-O b5 14. Re1 bxc4 15.
bxc4 dxc4 16. Qa4 Bb5 17. Qc2 Ba3 18. Nb1 Be7 19. a4 Ba6 20. Nd2 Bb4 21. Red1
Qa5 22. Rdc1 e5 23. dxe5 Bxc3 24. Qxc3 Qxc3 25. Rxc3 Nxe5 26. Bf1 Rb4 27. Rac1
Rxa4 28. f4 Nd3 29. R1c2 Nb4 30. Rb2 Na2 31. Rcc2 c3 32. Rxa2 Rxa2 33. Rxa2
cxd2 34. Rxd2 Bxf1 35. Kxf1 a5 36. Rc2 a4 37. Rxc6 Ra8 38. Rc2 Kf8 39. Ke2 Ke7
40. Kd3 Kd6 41. Ra2 Kc5 42. Kc3 a3 43. Kb3 Kd4 44. e5 g5 45. fxg5 Kxe5 46. Kc4
Kf5 47. Kd5 Kxg5 48. Ke5 Ra4 49. Kd6 Kf5 50. Ke7 Ra7+ 51. Kf8 f6 52. Kg8 h5 0-1

[Event "Campeonato de Australia 2007-2008"]
[Site "Parramatta AUS"]
[Date "2008.01.11"]
[Round "11.3"]
[White "Rej, Tomek"]
[Black "Solomon, Stephen J"]
[Result "1/2-1/2"]
[WhiteElo "2283"]
[BlackElo "2468"]
[PlyCount "62"]
[EventDate "2008.01.02"]
[EventType "swiss"]
[EventRounds "11"]
[EventCountry "AUS"]
[Source "lmi"]
[SourceDate "2008.01.02"]

1. d4 Nf6 2. c4 e6 3. Nc3 Bb4 4. a3 Bxc3+ 5. bxc3 O-O 6. e3 c5 7. Bd3 Nc6 8.
Ne2 b6 9. O-O Ba6 10. e4 Ne8 11. f4 f5 12. d5 Na5 13. e5 d6 14. dxe6 Qe7 15. g4
fxg4 16. Ng3 dxe5 17. fxe5 Rxf1+ 18. Qxf1 Qxe6 19. Ne4 h6 20. Ra2 Bxc4 21. Rf2
Nc7 22. Nf6+ Kh8 23. Bxh6 Rd8 24. Bxg7+ Kxg7 25. Nh5+ Kg8 26. Rf6 Rxd3 27. Rf8+
Kh7 28. Rh8+ Kxh8 29. Qf8+ Qg8 30. Qh6+ Qh7 31. Qf8+ Qg8 1/2-1/2

[Event "Campeonato de Australia 2007-2008"]
[Site "Parramatta AUS"]
[Date "2008.01.11"]
[Round "11.4"]
[White "Illingworth, Max"]
[Black "Ly, Moulthun"]
[Result "1/2-1/2"]
[WhiteElo "2201"]
[BlackElo "2319"]
[PlyCount "72"]
[EventDate "2008.01.02"]
[EventType "swiss"]
[EventRounds "11"]
[EventCountry "AUS"]
[Source "lmi"]
[SourceDate "2008.01.02"]

1. d4 g6 2. c4 Bg7 3. e4 d6 4. Nc3 e5 5. Nge2 Nc6 6. d5 Nce7 7. Be3 f5 8. f3
Nf6 9. h3 a6 10. Qd2 h6 11. a3 f4 12. Bf2 g5 13. Nc1 Ng6 14. Nd3 b6 15. b4 O-O
16. c5 Rf7 17. Nb2 Bf8 18. Bc4 h5 19. Ke2 Rg7 20. a4 Nd7 21. Nd3 g4 22. c6 Nf6
23. a5 b5 24. Nxb5 axb5 25. Bxb5 g3 26. Bg1 Nh4 27. Ne1 Nh7 28. Kd1 Ng5 29. Bf1
Qf6 30. Ra2 Nxe4 31. fxe4 f3 32. gxf3 g2 33. Nxg2 Qxf3+ 34. Qe2 Qb3+ 35. Qc2
Qf3+ 36. Qe2 Qb3+ 1/2-1/2

[Event "Campeonato de Australia 2007-2008"]
[Site "Parramatta AUS"]
[Date "2008.01.11"]
[Round "11.5"]
[White "Sales, Jesse Noel"]
[Black "Klein, Felix"]
[Result "1/2-1/2"]
[WhiteElo "2126"]
[BlackElo "2205"]
[PlyCount "224"]
[EventDate "2008.01.02"]
[EventType "swiss"]
[EventRounds "11"]
[EventCountry "AUS"]
[Source "lmi"]
[SourceDate "2008.01.02"]

1. Nf3 d5 2. d4 c6 3. c4 e6 4. Qc2 dxc4 5. Qxc4 Nf6 6. Bg5 b5 7. Qc2 Bb7 8. e4
Nbd7 9. Bd3 h6 10. Bh4 Qb6 11. a4 a6 12. O-O c5 13. axb5 axb5 14. Rxa8+ Bxa8
15. Nbd2 Be7 16. Bxf6 Bxf6 17. dxc5 Nxc5 18. Be2 O-O 19. e5 Be7 20. Nd4 Nd7 21.
Nxb5 Qb7 22. Nf3 Nxe5 23. Qa4 Rb8 24. Ra1 Nxf3+ 25. gxf3 Bc5 26. Qf4 Qb6 27.
Ra6 Qxa6 28. Qxb8+ Kh7 29. Kg2 Bd5 30. Qf4 f5 31. b4 Be7 32. Nd4 Qb6 33. Bd3
Bg5 34. Bxf5+ Kh8 35. Qg4 exf5 36. Nxf5 Be6 37. Qe4 Bxf5 38. Qxf5 Qxb4 39. Qc8+
Kh7 40. Qf5+ Kg8 41. Qd5+ Kh8 42. Qa8+ Kh7 43. Qd5 Qf4 44. Qd3+ Kh8 45. Qc2 Be7
46. Qc8+ Bf8 47. Qe8 Kh7 48. h4 Bd6 49. h5 Qh2+ 50. Kf1 Qh3+ 51. Ke2 Qf5 52.
Kf1 Bf8 53. Kg2 Kg8 54. Kg3 Qf7 55. Qb5 Be7 56. Kg2 Bg5 57. Qb8+ Qf8 58. Qb3+
Kh8 59. Qb5 Bd8 60. Qd5 Qf6 61. Kf1 Bb6 62. Qe4 Qd8 63. Qe6 Bxf2 64. Kxf2 Qh4+
65. Kg2 Qxh5 66. f4 Kh7 67. Kf2 Qh4+ 68. Kf3 Qh1+ 69. Kf2 Qh2+ 70. Kf3 Qh5+ 71.
Kf2 Qg6 72. Qd7 h5 73. Kf3 Kh6 74. Qc8 Qd3+ 75. Kf2 Kh7 76. Qe8 Qd4+ 77. Kf3
Qc3+ 78. Kf2 g6 79. Qe7+ Qg7 80. Qd8 Qf7 81. Kf3 Qf5 82. Qc7+ Kh6 83. Qb8 Qg4+
84. Kf2 Qh4+ 85. Kf3 Qh3+ 86. Kf2 Qc3 87. Qf8+ Qg7 88. Qd8 Qa7+ 89. Kf3 Kg7 90.
Qe8 Qa3+ 91. Kf2 Qc5+ 92. Kf3 h4 93. Qd7+ Kh6 94. Qd8 Qc3+ 95. Ke2 Qc2+ 96. Kf3
Qc3+ 97. Ke2 Qc4+ 98. Ke3 Qe6+ 99. Kf2 Qa2+ 100. Ke3 Qb3+ 101. Ke2 Qc2+ 102.
Ke3 Qc3+ 103. Ke2 h3 104. Qh4+ Kg7 105. Qe7+ Kh8 106. Qf8+ Kh7 107. Qe7+ Qg7
108. Qh4+ Qh6 109. Qe7+ Kg8 110. Qe8+ Kh7 111. Qe7+ Qg7 112. Qh4+ Qh6 1/2-1/2

[Event "Campeonato de Australia 2007-2008"]
[Site "Parramatta AUS"]
[Date "2008.01.11"]
[Round "11.7"]
[White "Johansen, Darryl Keith"]
[Black "Lazarus, Benjamin"]
[Result "0-1"]
[WhiteElo "2475"]
[BlackElo "2123"]
[PlyCount "94"]
[EventDate "2008.01.02"]
[EventType "swiss"]
[EventRounds "11"]
[EventCountry "AUS"]
[Source "lmi"]
[SourceDate "2008.01.02"]

1. e4 c5 2. Nf3 e6 3. d4 cxd4 4. Nxd4 Nc6 5. Nc3 d6 6. g4 a6 7. Be3 Nge7 8. Nb3
b5 9. Qe2 Bd7 10. Bg2 Nc8 11. O-O Be7 12. f4 O-O 13. a3 Nb6 14. Rad1 Qc7 15.
Bc1 Rac8 16. Rd3 Na4 17. Kh1 f6 18. Rh3 Be8 19. Qf2 Nxc3 20. Qh4 h5 21. Rxc3 f5
22. Qg3 fxg4 23. Nd4 Qd7 24. Ne2 e5 25. f5 Bf7 26. h3 Bc4 27. Re1 Nd4 28. Ng1
Qd8 29. Qe3 Bf7 30. Rxc8 Qxc8 31. Rd1 Qxc2 32. Rd3 Rc8 33. Bd2 Bg5 34. Qxg5
Qxd3 35. Bc3 gxh3 36. Nxh3 Qd1+ 37. Kh2 Nf3+ 38. Bxf3 Qxf3 39. Qe7 Qe2+ 40. Kg3
Re8 41. Qxd6 Qxe4 42. Qd7 Qe3+ 43. Kh2 h4 44. Ng1 Qg3+ 45. Kh1 h3 46. Qd2 Kh7
47. Qh2 Bd5+ 0-1

[Event "Campeonato de Australia 2007-2008"]
[Site "Parramatta AUS"]
[Date "2008.01.11"]
[Round "11.8"]
[White "Lane, Gary William"]
[Black "Hacche, David"]
[Result "1/2-1/2"]
[WhiteElo "2412"]
[BlackElo "2182"]
[PlyCount "55"]
[EventDate "2008.01.02"]
[EventType "swiss"]
[EventRounds "11"]
[EventCountry "AUS"]
[Source "lmi"]
[SourceDate "2008.01.02"]

1. e4 c5 2. Nf3 e6 3. d4 cxd4 4. Nxd4 a6 5. Bd3 Nf6 6. O-O e5 7. Nb3 d6 8. c4
Be6 9. Nc3 Be7 10. Qe2 O-O 11. h3 Nc6 12. Nd5 Nd7 13. Be3 Nc5 14. Rad1 Nxb3 15.
Nxe7+ Qxe7 16. axb3 Nb4 17. f4 f6 18. Bb1 a5 19. Qd2 Ra6 20. f5 Bf7 21. g4 Rc8
22. g5 Bh5 23. Rc1 Rac6 24. Kh1 fxg5 25. Bxg5 Qf7 26. f6 g6 27. Bh4 Re8 28. Qg5
1/2-1/2

[Event "Campeonato de Australia 2007-2008"]
[Site "Parramatta AUS"]
[Date "2008.01.11"]
[Round "11.9"]
[White "Yu, Ronald"]
[Black "Bjelobrk, Igor"]
[Result "1/2-1/2"]
[WhiteElo "2212"]
[BlackElo "2380"]
[PlyCount "51"]
[EventDate "2008.01.02"]
[EventType "swiss"]
[EventRounds "11"]
[EventCountry "AUS"]
[Source "lmi"]
[SourceDate "2008.01.02"]

1. d4 f5 2. g3 Nf6 3. Bg2 g6 4. b3 Bg7 5. Bb2 O-O 6. Nf3 d6 7. O-O Qe8 8. c4
Na6 9. Nbd2 Rb8 10. Rc1 c5 11. e3 b5 12. dxc5 Nxc5 13. cxb5 Nd3 14. Rb1 Nxb2
15. Rxb2 Ne4 16. Nd4 Nc3 17. Qc2 Nxb5 18. Qc4+ e6 19. N2f3 Bd7 20. Rd2 Qe7 21.
Rc1 Rfc8 22. Qf1 Nxd4 23. Nxd4 Qd8 24. Bc6 Bxd4 25. Bxd7 Qxd7 26. Rxd4 1/2-1/2

[Event "Campeonato de Australia 2007-2008"]
[Site "Parramatta AUS"]
[Date "2008.01.11"]
[Round "11.10"]
[White "Canfell, Gregory"]
[Black "Oliver, Gareth"]
[Result "0-1"]
[WhiteElo "2315"]
[BlackElo "2164"]
[PlyCount "52"]
[EventDate "2008.01.02"]
[EventType "swiss"]
[EventRounds "11"]
[EventCountry "AUS"]
[Source "lmi"]
[SourceDate "2008.01.02"]

1. Nf3 Nf6 2. g3 g6 3. Bg2 Bg7 4. O-O O-O 5. c4 d6 6. Nc3 c5 7. d3 Nc6 8. a3
Ne8 9. Rb1 Nc7 10. Bd2 a5 11. Na4 Na6 12. Bc3 e5 13. e3 Bd7 14. b3 f5 15. d4 e4
16. Ne1 cxd4 17. exd4 Rb8 18. Nc2 b5 19. Nb2 d5 20. cxd5 Ne7 21. Qd2 b4 22.
axb4 Nxd5 23. bxa5 Rxb3 24. Nc4 Rxc3 25. Nb6 Rd3 26. Qe2 Nc3 0-1

[Event "Campeonato de Australia 2007-2008"]
[Site "Parramatta AUS"]
[Date "2008.01.11"]
[Round "11.11"]
[White "Atzmon-Simon, Barak"]
[Black "Hamilton, Douglas"]
[Result "0-1"]
[WhiteElo "2142"]
[BlackElo "2229"]
[PlyCount "66"]
[EventDate "2008.01.02"]
[EventType "swiss"]
[EventRounds "11"]
[EventCountry "AUS"]
[Source "lmi"]
[SourceDate "2008.01.02"]

1. c4 Nf6 2. g3 e6 3. Bg2 d5 4. Nf3 c5 5. d4 Nc6 6. cxd5 exd5 7. O-O Be7 8.
dxc5 Bxc5 9. Bg5 O-O 10. Qc2 Be7 11. Nc3 Be6 12. Rfd1 Rc8 13. Rac1 Qa5 14. Nd4
Nxd4 15. Rxd4 h6 16. Bd2 Qb6 17. e3 Bc5 18. Rh4 Qd6 19. Qd1 Qd7 20. Na4 Be7 21.
Rxc8 Rxc8 22. Bb4 Bd8 23. Nc5 Qc6 24. Nb3 Ne4 25. Rh5 g6 26. Bxe4 gxh5 27. Bb1
Bh3 28. Bc3 d4 29. f3 dxc3 30. Qc2 f5 31. Nd4 Qc4 32. Qf2 cxb2 33. Qe2 Qxe2 0-1

[Event "Campeonato de Australia 2007-2008"]
[Site "Parramatta AUS"]
[Date "2008.01.11"]
[Round "11.12"]
[White "Booth, Stewart"]
[Black "Ikeda, Junta"]
[Result "0-1"]
[WhiteElo "2142"]
[BlackElo "2201"]
[PlyCount "112"]
[EventDate "2008.01.02"]
[EventType "swiss"]
[EventRounds "11"]
[EventCountry "AUS"]
[Source "lmi"]
[SourceDate "2008.01.02"]

1. d4 e6 2. c4 b6 3. Nf3 Bb7 4. Nc3 g6 5. g3 Bg7 6. Bg2 d6 7. O-O Ne7 8. e4 O-O
9. Be3 Nd7 10. Qc2 h6 11. d5 e5 12. Nh4 f5 13. exf5 gxf5 14. Bh3 f4 15. Bd2 Bc8
16. Be6+ Kh8 17. Ne4 Qe8 18. gxf4 exf4 19. f3 Ne5 20. Bxc8 Rxc8 21. Bc3 Qh5 22.
Qf2 Nxc4 23. Bxg7+ Kxg7 24. Kh1 Ne3 25. Rg1+ Kf7 26. Ng2 N3xd5 27. Qd4 Qe5 28.
Qd2 Rg8 29. Rae1 Qf5 30. Nf2 Ng6 31. Ng4 Rh8 32. Re4 h5 33. Ne5+ dxe5 34. Qxd5+
Kf6 35. Rd1 Qe6 36. Qd2 Rhd8 37. Qxd8+ Rxd8 38. Rxd8 Qxa2 39. Rd2 h4 40. h3 Qb3
41. Ne1 Ne7 42. Nd3 Nc6 43. Re1 Nd4 44. Nxe5 c5 45. Nd7+ Kf7 46. Ne5+ Ke6 47.
Rd3 Qb4 48. Re4 Kd5 49. b3 Qa3 50. Re1 Qb2 51. Ng6 Kc6 52. Nxf4 Qf2 53. Ree3
Nf5 54. Re6+ Kb5 55. Ne2 Ng3+ 56. Nxg3 hxg3 0-1

[Event "Campeonato de Australia 2007-2008"]
[Site "Parramatta AUS"]
[Date "2008.01.11"]
[Round "11.13"]
[White "Hu, Jason"]
[Black "Bird, Andrew"]
[Result "0-1"]
[WhiteElo "2120"]
[BlackElo "2148"]
[PlyCount "122"]
[EventDate "2008.01.02"]
[EventType "swiss"]
[EventRounds "11"]
[EventCountry "AUS"]
[Source "lmi"]
[SourceDate "2008.01.02"]

1. c4 g6 2. h4 Nf6 3. e3 e5 4. g4 h6 5. b3 d5 6. Be2 Nc6 7. d3 Be6 8. Bb2 Qd7
9. Nd2 O-O-O 10. Rc1 d4 11. exd4 exd4 12. f3 Bd6 13. a3 Rhe8 14. Kf1 Bf4 15. b4
Ne5 16. Nh3 Be3 17. Nf2 Qe7 18. Rb1 Bxc4 19. f4 Bxf4 20. Nxc4 Nd5 21. Qe1 Nxc4
22. dxc4 Ne3+ 23. Kg1 Nc2 24. Qd1 Qxe2 25. Rh3 d3 26. Rxd3 Rxd3 27. Qxd3 Qxd3
28. Nxd3 Be3+ 29. Kg2 Bd4 30. Bxd4 Nxd4 31. Rf1 Re2+ 32. Rf2 Rxf2+ 33. Kxf2 f6
34. a4 b6 35. Ke3 Ne6 36. Ke4 Kd7 37. h5 gxh5 38. gxh5 Ng7 39. Nf4 Kd6 40. Kd4
c5+ 41. bxc5+ bxc5+ 42. Ke4 f5+ 43. Ke3 Ke5 44. Nd3+ Kd6 45. Kf4 Nxh5+ 46. Kxf5
Ng3+ 47. Kg4 Ne4 48. Kf5 Nd2 49. Ne5 h5 50. Nf7+ Kc7 51. Ne5 h4 52. Kg4 Kd6 53.
Nf7+ Ke6 54. Nd8+ Kd7 55. Nb7 Nb3 56. a5 Kc7 57. a6 Kb6 58. Kxh4 Kxa6 59. Nd6
Ka5 60. Kg4 Kb4 61. Kf4 a5 0-1

[Event "Campeonato de Australia 2007-2008"]
[Site "Parramatta AUS"]
[Date "2008.01.11"]
[Round "11.14"]
[White "Morris, Michael"]
[Black "Pecori, Ascaro"]
[Result "1-0"]
[WhiteElo "1985"]
[BlackElo "2129"]
[PlyCount "85"]
[EventDate "2008.01.02"]
[EventType "swiss"]
[EventRounds "11"]
[EventCountry "AUS"]
[Source "lmi"]
[SourceDate "2008.01.02"]

1. e4 c5 2. Nf3 a6 3. c3 Nf6 4. e5 Nd5 5. d4 cxd4 6. cxd4 e6 7. a3 d6 8. exd6
Bxd6 9. Bd3 Nd7 10. O-O b5 11. Nbd2 N7f6 12. a4 b4 13. Nc4 Be7 14. Nce5 Bb7 15.
Ng5 O-O 16. Qc2 g6 17. Qe2 Qb6 18. Ngf3 Rfe8 19. a5 Qd6 20. Bd2 Bf8 21. Rfc1
Rac8 22. Qe1 Rxc1 23. Rxc1 Qd8 24. Ng5 Re7 25. Nc6 Bxc6 26. Rxc6 Qxa5 27. Rxa6
Qc7 28. Nf3 Re8 29. Ne5 Qb7 30. Qa1 Re7 31. Ra8 Nb6 32. Rxf8+ Kxf8 33. Bxb4 Kg7
34. Bxe7 Qxe7 35. Qc1 Nfd5 36. Qd2 Qa7 37. g3 Qa4 38. Be4 h5 39. Kg2 Qb3 40.
Qg5 Nf6 41. Bxg6 Nh7 42. Bxh7+ Kxh7 43. Qxh5+ 1-0

[Event "Campeonato de Australia 2007-2008"]
[Site "Parramatta AUS"]
[Date "2008.01.11"]
[Round "11.15"]
[White "Broekhuyse, Paul"]
[Black "Suttor, Vincent"]
[Result "0-1"]
[WhiteElo "2130"]
[BlackElo "2139"]
[PlyCount "148"]
[EventDate "2008.01.02"]
[EventType "swiss"]
[EventRounds "11"]
[EventCountry "AUS"]
[Source "lmi"]
[SourceDate "2008.01.02"]

1. d4 Nf6 2. c4 g6 3. Nc3 Bg7 4. e4 d6 5. Nf3 O-O 6. Be2 c5 7. d5 e6 8. O-O
exd5 9. exd5 Bg4 10. h3 Bxf3 11. Bxf3 Re8 12. Bf4 a6 13. Qd3 Qc7 14. Rfe1 Nbd7
15. g4 Rxe1+ 16. Rxe1 Re8 17. Qd2 Kf8 18. Rxe8+ Nxe8 19. Bh6 Qd8 20. Bg5 Qa5
21. Qe2 Bf6 22. Bh6+ Bg7 23. Bxg7+ Nxg7 24. Ne4 Ne8 25. Qe3 Qxa2 26. Qh6+ Kg8
27. Qg5 f6 28. Qf4 Ne5 29. Nxf6+ Nxf6 30. Qxf6 Qxb2 31. Kg2 Qb3 32. Be2 Nf7 33.
g5 Qc2 34. Qe7 Qd2 35. h4 Qf4 36. Qxb7 Qxh4 37. Qxa6 Qxg5+ 38. Kf1 h5 39. Qc8+
Kg7 40. Qh3 Qf4 41. Qe6 Qe5 42. Qd7 Qe4 43. f3 Qf4 44. Kf2 h4 45. Bf1 Kh6 46.
Qe8 Qf6 47. Qe6 Kg7 48. Qd7 Qf4 49. Qe6 Ne5 50. Be2 Qf6 51. Qc8 Kh6 52. Ke3
Nxc4+ 53. Bxc4 Qd4+ 54. Ke2 Qxc4+ 55. Kf2 Qd4+ 56. Kg2 Qxd5 57. Qh8+ Kg5 58.
Qd8+ Kf5 59. Qxh4 Qd2+ 60. Kh3 Qf4 61. Qf2 g5 62. Qc2+ Ke5 63. Qb2+ Ke6 64.
Qe2+ Kf7 65. Qa2+ c4 66. Qa7+ Ke6 67. Qa8 Ke5 68. Qa1+ Kd5 69. Qa8+ Kc5 70.
Qa7+ Kb4 71. Qb6+ Kc3 72. Qa5+ Kd3 73. Qd5+ Kc2 74. Kg2 Qd2+ 0-1

[Event "Campeonato de Australia 2007-2008"]
[Site "Parramatta AUS"]
[Date "2008.01.11"]
[Round "11.16"]
[White "Pyke, Malcolm"]
[Black "Charles, Gareth"]
[Result "1/2-1/2"]
[WhiteElo "2191"]
[BlackElo "2180"]
[PlyCount "47"]
[EventDate "2008.01.02"]
[EventType "swiss"]
[EventRounds "11"]
[EventCountry "AUS"]
[Source "lmi"]
[SourceDate "2008.01.02"]

1. d4 d5 2. Nf3 Nf6 3. Bf4 c5 4. e3 Nc6 5. c3 e6 6. Bd3 Be7 7. O-O O-O 8. Nbd2
b6 9. Qe2 Bb7 10. h3 Bd6 11. Bxd6 Qxd6 12. dxc5 Qxc5 13. e4 dxe4 14. Nxe4 Nxe4
15. Qxe4 Qh5 16. Qe2 Ne7 17. Ne5 Qxe2 18. Bxe2 f6 19. Nf3 e5 20. Rfd1 Rfd8 21.
Kf1 Kf7 22. Rxd8 Rxd8 23. Rd1 Rxd1+ 24. Bxd1 1/2-1/2

[Event "Campeonato de Australia 2007-2008"]
[Site "Parramatta AUS"]
[Date "2008.01.11"]
[Round "11.18"]
[White "Capilitan, Romeo"]
[Black "Morris, James"]
[Result "0-1"]
[WhiteElo "2134"]
[BlackElo "2096"]
[PlyCount "80"]
[EventDate "2008.01.02"]
[EventType "swiss"]
[EventRounds "11"]
[EventCountry "AUS"]
[Source "lmi"]
[SourceDate "2008.01.02"]

1. e4 e6 2. c4 c5 3. Nf3 Nc6 4. Nc3 b6 5. Be2 Bb7 6. O-O Nf6 7. h3 Bd6 8. d4
cxd4 9. Nxd4 Nxd4 10. Qxd4 Bc5 11. Qd3 d6 12. Bg5 h6 13. Bh4 g5 14. Bg3 e5 15.
a3 a6 16. Kh1 h5 17. Bd1 h4 18. Bh2 Bd4 19. Ba4+ Kf8 20. f3 b5 21. cxb5 a5 22.
Rab1 Nh5 23. Ne2 Bb6 24. Rfd1 Ke7 25. Rbc1 Nf4 26. Nxf4 gxf4 27. Bb3 Bd4 28.
Rc2 a4 29. Bc4 Rg8 30. b4 Qb6 31. Bxf4 Rg6 32. Bh2 Rag8 33. Bg1 Bxg1 34. Rxg1
Bc8 35. Rd1 Rg3 36. Kh2 Bd7 37. Bd5 Bxb5 38. Qc3 Bd7 39. Qc7 Rxg2+ 40. Rxg2
Rxg2+ 0-1